Skład FC Barcelony na meczu z Realem Madryt 11.05 [4-3] - Statystyki

Ogólne statystyki
  • Ten quiz został rozwiązany 61 razy
  • Średni wynik to 9 z 11
Statystyki odpowiedzi
Pozycja Zawodnik % Poprawnych
Br. Szczęsny
98%
Ps. Yamal
93%
Śp. Pedri
89%
Śo. Cubarsi
85%
Śp. De Jong
85%
Lo. Martin
85%
N. Torres
85%
Ls. Raphinha
84%
Śo. Martinez
80%
Śpo. Olmo
76%
Po. Garcia
71%
Nie znaleziono quizów pasujących do podanych kryteriów
Rozkład punktacji
Procent ludzi z każdym wynikiem
Percentyl według liczby udzielonych odpowiedzi
Twoja historia wyników
Nie rozwiązałeś tego quizu